00000000nam##2200000za#4500
0019.612053
003CaOODSP
00520200330205455
007ta
008150406|1996||||xxc|||||     f|0| 0 eng|d
020 |a0-662-23347-6
040 |aCaOODSP|beng
043 |an-cn---
0861 |aEn153-6/28-1996E
1101 |aCanada. |bEnvironment Canada. |bEnvironmental Protection Service.
24510|aQIT-Fer et Titane Inc
260 |aMontreal - Quebec : |bEnvironment Canada. |c1996.
300 |a4p. : |bgraph, table ; |c28 cm.
4901 |aIndustrial plants highlights |v28
563 |aPamphlet
590 |a96-48|b1996-11-29
7760#|tQIT-Fer et Titane Inc. |w(CaOODSP)9.816967
830#0|aIndustrial plants : highlights ;|v28|w(CaOODSP)9.514553